00627 2200241 4500001002100000005001500021035002000036245005800056100001800114250000600132300003700138260003200175082001100207084001700218020002200235650002600257990001700283990001700300990001700317990001700334990001700351990001700368INLIS00000000000001220180720014837 a0010-07180000121 aEnsiklomini Olahraga :bOlahraga Air /cTeuku Bustami0 aTeuku Bustami a- aiv, 68 hlm. :bilus. ;c25,5 cm. aKlaten :bCV Sahabat,c2008 a796.03 a796.03 TEU e a978-979-029-103-5 aEnsiklopedia Olahraga a00037/H/2018 a00038/H/2018 a00038/H/2018 a00037/H/2018 a00037/H/2018 a00038/H/2018